00376nam a2200145 a 450000100080000000500110000800800410001910000180006024500560007826000230013430000100015749000380016765000090020570000160021419449592013-03-21 1973 bl uuuu u0uu1 u #d1 aORLANDO T. A. aCuantas plantas por hectarea en el cultivo de soya. aQuito: INIAPc1973 a10 p. a(INIAP. Boletin Divulgativo, 57). aSoja1 aPALMA L. A.